[Event "Arco op 36th"]
[Site "Arco"]
[Date "2014.10.09"]
[Round "6"]
[White "Cardarelli, Angelo"]
[Black "Paleologu, Vladimir"]
[Result "0-1"]
[WhiteElo "2041"]
[BlackElo "2170"]
[PlyCount "46"]
[EventDate "2014.10.04"]
[EventType "swiss"]
[EventRounds "9"]
[EventCountry "ITA"]
[SourceTitle "CBM 162 Extra"]
[Source "ChessBase"]
[SourceDate "2014.10.17"]
[SourceVersion "1"]
[SourceVersionDate "2014.10.17"]
[SourceQuality "1"]

1. Nf3 d6 2. c4 g6 3. g3 Bg7 4. Bg2 f5 5. Nc3 Nf6 6. d3 e5 7. 0-0 0-0 8. Rb1 Qe8 9. b4 Na6 10. Ba3 h6 11. c5 dxc5 12. bxc5 c6 13. Qb3+ Kh7 14. Rfd1 g5 15. e4 Rb8 16. Nd2 f4 17. Nc4 fxg3 18. hxg3 Be6 19. Qc2 Ng4 20. f3 Bxc4 21. fxg4 Be6 22. Qe2 Qd7 23. Bh3 Qd4+ 0-1

[Event "Arco op 36th"]
[Site "Arco"]
[Date "2014.10.05"]
[Round "2"]
[White "Pretto, Aldo"]
[Black "Cardarelli, Angelo"]
[Result "0-1"]
[WhiteElo "1746"]
[BlackElo "2041"]
[PlyCount "82"]
[EventDate "2014.10.04"]
[EventType "swiss"]
[EventRounds "9"]
[EventCountry "ITA"]
[SourceTitle "EXT 2016"]
[Source "ChessBase"]
[SourceDate "2015.10.08"]
[SourceVersion "1"]
[SourceVersionDate "2015.10.08"]
[SourceQuality "1"]

1. e4 e6 2. d3 c5 3. g3 Nc6 4. Bg2 g6 5. Nd2 Bg7 6. Ne2 Nge7 7. 0-0 0-0 8. c3 d5 9. Qc2 b5 10. exd5 exd5 11. Nf3 Bf5 12. Nh4 Bg4 13. h3 Bd7 14. Bd2 Rc8 15. Rad1 d4 16. a3 a5 17. Qc1 Re8 18. Rfe1 Qb6 19. Nf3 a4 20. Bh6 Bh8 21. Bf4 Be6 22. Ng5 Bb3 23. Rd2 Nd5 24. Ne4 Nxf4 25. Nxf4 Ne5 26. Rde2 f5 27. Nd2 Bf7 28. Qc2 dxc3 29. bxc3 Qd6 30. c4 Red8 31. Nd5 Bg7 32. f4 Nc6 33. Ne7+ Nxe7 34. Rxe7 Qxd3 35. Qxd3 Rxd3 36. Nf3 Bxc4 37. Ng5 Rxg3 38. Re8+ Rxe8 39. Rxe8+ Bf8 40. Kh2 Rxa3 41. Bf1 Bxf1 0-1

[Event "Venice Autumn op 19th"]
[Site "Venice"]
[Date "2013.11.02"]
[Round "3"]
[White "Dorigo, Tommaso"]
[Black "Cardarelli, Angelo"]
[Result "1-0"]
[WhiteElo "1998"]
[BlackElo "2004"]
[PlyCount "71"]
[EventDate "2013.11.01"]
[EventType "swiss"]
[EventRounds "5"]
[EventCountry "ITA"]
[SourceTitle "EXT 2015"]
[Source "ChessBase"]
[SourceDate "2014.11.20"]
[SourceVersion "1"]
[SourceVersionDate "2014.11.20"]
[SourceQuality "1"]

1. e4 e6 2. d4 d5 3. Nd2 Be7 4. Ngf3 Nf6 5. Bd3 c5 6. e5 Nfd7 7. c3 Nc6 8. 0-0 a5 9. Qe2 cxd4 10. cxd4 g5 11. Qe3 g4 12. Ne1 Bg5 13. f4 gxf3 14. Qxf3 Qe7 15. Nc2 b6 16. Bb5 Bb7 17. Nb3 Nd8 18. a4 Rf8 19. Qh5 h6 20. Rf3 Bxc1 21. Nxc1 Qg5 22. Qxg5 hxg5 23. Rg3 Rc8 24. Ne3 Rg8 25. Ng4 Nc6 26. Ne2 Ke7 27. Rf1 Rg6 28. Rgf3 Rf8 29. Rc1 Ncb8 30. Rc7 Ba6 31. Rxd7+ Nxd7 32. Bxa6 f5 33. exf6+ Nxf6 34. Ne5 Rgg8 35. Rc3 Ra8 36. Bb7 1-0

[Event "Venice Autumn op 19th"]
[Site "Venice"]
[Date "2013.11.01"]
[Round "1"]
[White "Cardarelli, Angelo"]
[Black "Sorbera, Giovanni"]
[Result "0-1"]
[WhiteElo "2004"]
[BlackElo "2154"]
[PlyCount "68"]
[EventDate "2013.11.01"]
[EventType "swiss"]
[EventRounds "5"]
[EventCountry "ITA"]
[SourceTitle "EXT 2015"]
[Source "ChessBase"]
[SourceDate "2014.11.20"]
[SourceVersion "1"]
[SourceVersionDate "2014.11.20"]
[SourceQuality "1"]

1. c4 Nf6 2. Nc3 d5 3. cxd5 Nxd5 4. g3 g6 5. Bg2 c6 6. Nxd5 cxd5 7. Qb3 e6 8. d4 Nc6 9. Nf3 Bg7 10. Be3 Qa5+ 11. Bd2 Qd8 12. Be3 0-0 13. h4 Na5 14. Qb4 Nc4 15. Bg5 f6 16. b3 a5 17. Qc3 Nd6 18. Bf4 Ne4 19. Qb2 Bd7 20. Nd2 Bc6 21. Nxe4 dxe4 22. 0-0 a4 23. Qd2 f5 24. Be3 axb3 25. axb3 Qd5 26. b4 Rfd8 27. Rxa8 Rxa8 28. Rb1 Rd8 29. Rd1 Qb3 30. f4 Ra8 31. Kf2 Ra2 32. Qc1 Qxb4 33. Qc5 Qb2 34. Re1 Ra3 0-1

[Event "Chioggia op-A 08th"]
[Site "Chioggia"]
[Date "2013.10.12"]
[Round "3"]
[White "Mosca, Leonildo"]
[Black "Cardarelli, Angelo"]
[Result "1/2-1/2"]
[WhiteElo "2107"]
[BlackElo "1987"]
[PlyCount "114"]
[EventDate "2013.10.10"]
[EventType "swiss"]
[EventRounds "5"]
[EventCountry "ITA"]
[SourceTitle "EXT 2024"]
[Source "ChessBase"]
[SourceDate "2023.10.10"]
[SourceVersion "1"]
[SourceVersionDate "2023.10.10"]
[SourceQuality "1"]

1. e4 e6 2. d4 d5 3. Nd2 Be7 4. Ngf3 Nf6 5. Bd3 c5 6. c3 Nc6 7. e5 Nd7 8. 0-0 cxd4 9. cxd4 Qb6 10. Re1 Nf8 11. Rb1 Nb4 12. Bf1 Bd7 13. a3 Na2 14. Qb3 Qxb3 15. Nxb3 Nxc1 16. Rbxc1 b6 17. Ba6 Ng6 18. g3 Kd8 19. Re3 Bc8 20. Bb5 Bd7 21. Ba6 Bc8 22. Bb5 a6 23. Bc6 Ra7 24. Rec3 Bd7 25. Nbd2 Bxc6 26. Rxc6 Rb7 27. h4 h5 28. Ng5 Bxg5 29. hxg5 Kd7 30. Rd6+ Ke7 31. Rcc6 Rhb8 32. Rc2 Ke8 33. Rdc6 Ne7 34. Rc7 Kd8 35. Rxb7 Rxb7 36. Kf1 Rc7 37. Rxc7 Kxc7 38. Ke2 Kc6 39. Kd3 Kb5 40. b3 a5 41. Nb1 Kc6 42. Nc3 b5 43. a4 b4 44. Nb5 Nf5 45. Ke2 Kd7 46. Kf3 Ke7 47. Ke2 Kf8 48. Kd3 Kg8 49. Na7 Ne7 50. Nb5 Kh7 51. Nd6 Kg6 52. Nb7 Nc6 53. Nd6 Kxg5 54. Nxf7+ Kg4 55. Ke3 g5 56. Nh6+ Kh3 57. Nf7 Kg4 1/2-1/2

[Event "Chioggia op-A 08th"]
[Site "Chioggia"]
[Date "2013.10.12"]
[Round "2"]
[White "Rostolis, Riccardo"]
[Black "Cardarelli, Angelo"]
[Result "0-1"]
[WhiteElo "1879"]
[BlackElo "1987"]
[PlyCount "51"]
[EventDate "2013.10.10"]
[EventType "swiss"]
[EventRounds "5"]
[EventCountry "ITA"]
[SourceTitle "EXT 2024"]
[Source "ChessBase"]
[SourceDate "2023.10.10"]
[SourceVersion "1"]
[SourceVersionDate "2023.10.10"]
[SourceQuality "1"]

1. e4 e6 2. d4 d5 3. Nc3 Nf6 4. Bg5 dxe4 5. Nxe4 Be7 6. Ng3 b6 7. Nh3 Bb7 8. f3 Nbd7 9. Bd3 h6 10. Be3 Nd5 11. Bf2 0-0 12. 0-0 c5 13. c4 N5f6 14. Qe2 cxd4 15. Bxd4 Nc5 16. Bxc5 Bxc5+ 17. Kh1 Qe7 18. a3 Rfd8 19. Rad1 Rac8 20. Bb1 Ba6 21. Rxd8+ Rxd8 22. b4 Bd4 23. Nf5 Qc7 24. Nxd4 Bxc4 25. Rc1 Rxd4 26. Bd3 0-1